000
00274nam a22001337a 4500
008
210527b ||||| |||| 00| 0 eng d
041
_a
eng
080
_a
038
082
_a
038
100
_a
23
101
_a
FJA
245
_a
Law Dictionary
_c
John Burke
942
_2
udc
_c
BK
999
_c
57738
_d
57738